LEADER 01301nam a2200277 a 4500 001 000000123101 003 CaOOAMICUS 005 20100927144142.0 008 100927t2002 mx a u000 u spa r 020 $a968-6839-51-8 040 $aPUL$bita 082 04$a261 100 1 $aShaw, Enrique.$0(OLS)http://pul/name/77420 245 10$aEnrique Shaw :$bla espiritualidad de un padre de familia, empresario y cristiano ejemplar /$cnotas y apuntes personales recopilados e introducidos por Adolfo Critto. 260 $aMexico :$bInstituto mexicano de doctrina social cristiana,$c2002. 300 $a118 p. :$bill. ;$c22 cm 650 4$aVita cristiana.$0(OLS)http://pul/subject/1596 700 1 $aCritto, Adolfo.$0(OLS)http://pul/name/77419 850 $aPUL 852 $aPUL$W1$xDP2 Religione 3$y114$m261. 8 CRIAD 1$j141466$qDDC 21$B140501$CPULBib$Z2$F140501 $H114018 $82 941 1 $a9 996 $6020$a968-6839-51-8$9(OLS)http://pul/number/145453 996 $6082$a261$9(OLS)http://pul/classification/378 996 $6245$aEnrique Shaw :$bla espiritualidad de un padre de familia, empresario y cristiano ejemplar$9(OLS)http://pul/title/155148 996 $6260$aMexico :$bInstituto mexicano de doctrina social cristiana$9(OLS)http://pul/publisher/68516 LEADER 01494nam a2200337 a 4500 001 000000124110 003 CaOOAMICUS 005 20110201093959.0 008 110131s1994 it d u000 u ita r 020 $a88-8000-304-6 040 $aPUL$bita 041 1 $aita$hfre 082 04$a302.2 100 1 $aFlichy, Patrice,$d1945-$0(OLS)http://pul/name/48977 240 10$aHistoire de la communication moderne$lItaliano.$0(OLS)http://pul/title/156457 245 10$aStoria della comunicazione moderna :$bsfera pubblica e dimensione privata /$cPatrice Flichy ; Traduzione di Sara Emanuelli. 260 $aBologna :$bBaskerville,$c1994$g(2003) 300 $a[10], 299 p. :$bgraf. ;$c27 cm. 490 1 $aSaggi Baskerville ;$v5 504 $aBibliografia p. 283-299. 650 4$aComunicazione$xStoria.$0(OLS)http://pul/subject/37413 700 1 $aEmanuelli, Sara.$0(OLS)http://pul/name/78345 830 0$aSaggi Baskerville ;$v5.$0(OLS)http://pul/title/156476 850 $aPUL 852 $aPUL$W1$xSL Diritto e Scienze Sociali 3$y79$m302. 2 FLIPI 1$j142943$qDDC 21$B141937$CPULBib$Z2$F141937 $H115556 $82 941 1 $a9 996 $6020$a88-8000-304-6$9(OLS)http://pul/number/146224 996 $6082$a302.2$9(OLS)http://pul/classification/1735 996 $6245$aStoria della comunicazione moderna :$bsfera pubblica e dimensione privata$9(OLS)http://pul/title/156458 996 $6260$aBologna :$bBaskerville$9(OLS)http://pul/publisher/81517